[Event "AUTO-OPEN-3704"]
[Site "http://www.queenalice.com/game.php?id=1441035"]
[Date "2016.9.13"]
[Round "1"]
[White "Jiu_jitsu_BR"]
[Black "Tavinho92"]
[Result "1-0"]
[WhiteElo "1352"]
[BlackElo "1745"]

1. e4 e5 2. Nf3 Nc6 3. Bc4 Nf6 4. d3 Bc5 5. O-O d5 6. exd5 Nxd5 7. Re1 f6 8.
Bxd5 Qxd5 9. Nc3 Qd6 10. Ne4 Qd8 11. Nxc5 O-O 12. Be3 b6 13. Ne4 Bb7 14. c3 Ba6
15. d4 exd4 16. Bxd4 Qd5 17. Qc2 Rfe8 18. Re3 Re6 19. Rae1 h6 20. b3 b5 21. Nc5
Rxe3 22. Rxe3 Bc8 23. Nh4 Nxd4 24. cxd4 Qxd4 25. Re8+ 1-0

[Event "AUTO-OPEN-3704"]
[Site "http://www.queenalice.com/game.php?id=1441036"]
[Date "2016.9.13"]
[Round "1"]
[White "Tavinho92"]
[Black "Jiu_jitsu_BR"]
[Result "1-0"]
[WhiteElo "1715"]
[BlackElo "1405"]

1. e4 e5 2. d4 exd4 3. c3 dxc3 4. Bc4 Bb4 5. a3 cxb2+ 6. Bd2 bxa1=Q 7. Bxb4 Ne7
8. Bc3 Qxc3+ 9. Nxc3 d6 10. Qf3 O-O 11. Nge2 Be6 12. Bd3 Nbc6 13. O-O Ng6 14.
Qg3 Nce5 15. Bc2 Qh4 16. f4 Qxg3 17. Nxg3 Nc4 18. a4 Bd7 19. Rd1 Nxf4 20. Rd4
Ne3 21. Bb3 Nexg2 22. e5 Bc6 23. Rxf4 Nxf4 24. exd6 cxd6 25. Kf2 Rfe8 26. Nf5 d5
27. Nb5 Bxb5 28. axb5 Rad8 29. Kf3 Ng6 30. Nd4 Re4 31. Bxd5 Rxd4 32. Bxb7 Re8
33. Bc6 Re7 34. h3 Ne5+ 35. Kg3 Nxc6 36. bxc6 Rc4 37. c7 Rcxc7 38. Kf2 Rc3 39.
h4 Ree3 40. Kf1 Rc2 41. h5 Ra3 42. h6 1-0

[Event "AUTO-OPEN-3704"]
[Site "http://www.queenalice.com/game.php?id=1441037"]
[Date "2016.9.13"]
[Round "1"]
[White "Jiu_jitsu_BR"]
[Black "HenriqCamargo"]
[Result "0-1"]
[WhiteElo "1354"]
[BlackElo "1706"]

1. e4 e5 2. Bc4 Nf6 3. d3 c6 4. Nc3 Bb4 5. Bd2 b5 6. Bb3 O-O 7. Nf3 d6 8. Ne2
Bxd2+ 9. Qxd2 a5 10. a4 Bg4 11. Ng5 b4 12. Bxf7+ Rxf7 13. Nxf7 Kxf7 14. h3 Be6
15. O-O Qd7 16. f4 Kg8 17. f5 Bf7 18. Ng3 Qa7+ 19. Kh1 Qd4 20. b3 Nbd7 21. Rac1
Qa7 22. c4 c5 23. Qg5 Qb8 24. Rf3 Qd8 25. Ne2 Nh5 26. Ng3 Qxg5 0-1

[Event "AUTO-OPEN-3704"]
[Site "http://www.queenalice.com/game.php?id=1441038"]
[Date "2016.9.13"]
[Round "1"]
[White "HenriqCamargo"]
[Black "Jiu_jitsu_BR"]
[Result "1/2-1/2"]
[WhiteElo "1707"]
[BlackElo "1401"]

1. e4 e5 2. Nf3 Nc6 3. Bb5 d6 4. O-O Nf6 5. Re1 Bd7 6. c3 a6 7. Bc4 Bg4 8. Be2
Nxe4 9. d4 exd4 10. Nxd4 Bxe2 11. Rxe2 Qh4 12. Nd2 d5 13. Nxc6 bxc6 14. Nf3 Qf6
15. Bg5 Qd6 16. c4 Be7 17. Bxe7 Kxe7 18. cxd5 cxd5 19. Nd2 Kf8 20. Nxe4 dxe4 21.
Qxd6+ cxd6 22. Rxe4 f5 23. Rd4 Ke7 24. Rc1 Rac8 25. Re1+ Kd7 26. a4 Rhe8 27.
Red1 Re6 28. b4 Rc6 29. Rd5 g6 30. b5 axb5 31. axb5 Rb6 32. f4 Re4 33. g3 Rb4
34. Kg2 R4xb5 35. R5d2 Rb2 36. Rxb2 Rxb2+ 37. Kh3 Rc2 38. Ra1 d5 39. Ra7+ Rc7
40. Ra2 d4 41. Ra4 Ke6 42. Rxd4 h6 43. Rd2 g5 44. Re2+ Kf6 45. Ra2 Kg6 46. Ra6+
Kh5 47. fxg5 hxg5 48. Ra5 g4+ 49. Kg2 Kg5 50. h4+ gxh3+ 51. Kxh3 Rc3 52. Rd5 Re3
53. Kg2 Kg4 54. Rd4+ Re4 55. Rxe4+ 1/2-1/2

[Event "AUTO-INT-3173"]
[Site "http://www.queenalice.com/game.php?id=1441090"]
[Date "2016.9.13"]
[Round "1"]
[White "ismaelfln"]
[Black "Jiu_jitsu_BR"]
[Result "0-1"]
[WhiteElo "1384"]
[BlackElo "1459"]

1. e4 e5 2. Nf3 Nc6 3. Bb5 d6 4. Bxc6+ bxc6 5. O-O Bg4 6. h3 Bh5 7. g4 Bg6 8. d3
Ne7 9. Bg5 f6 10. Bh4 d5 11. exd5 cxd5 12. g5 fxg5 13. Bxg5 Qd7 14. Nxe5 Qxh3
15. Bxe7 Bxe7 16. Qf3 Qh4 17. Qxd5 Rd8 18. Qc6+ Kf8 19. Qxc7 Qg5+ 20. Kh1 Qh4+
21. Kg2 Bf5 22. Rh1 Qg5+ 23. Kf1 Qc1+ 24. Kg2 Qg5+ 25. Kf3 Qf6 26. Ke2 Bd6 27.
Qxa7 Qxe5+ 28. Qe3 Qxb2 29. Qg5 Re8+ 30. Kf1 Bg6 31. Nd2 Qxa1+ 32. Kg2 Qe5 33.
Qxe5 Bxe5 34. a4 Rc8 35. Nf3 Bf6 36. Rc1 Bxd3 37. Ne1 Bg5 38. Nxd3 Bxc1 0-1

[Event "AUTO-INT-3173"]
[Site "http://www.queenalice.com/game.php?id=1441091"]
[Date "2016.9.13"]
[Round "1"]
[White "Jiu_jitsu_BR"]
[Black "ismaelfln"]
[Result "1-0"]
[WhiteElo "1472"]
[BlackElo "1371"]

1. e4 e5 2. Nf3 Nc6 3. Bc4 d6 4. d4 exd4 5. Nxd4 Nxd4 6. Qxd4 c5 7. Qe3 Nf6 8.
Nc3 Ng4 9. Qf4 Qf6 10. Qg3 h5 11. h3 Ne5 12. Be2 g6 13. Nd5 Qd8 14. Bg5 Qa5+ 15.
c3 Be6 16. Nf6+ Kd8 17. Nd5+ Kd7 18. a4 Bxd5 19. exd5 Be7 20. O-O Bxg5 21. Qxg5
a6 22. f4 Rhe8 23. fxe5 Rxe5 24. Rxf7+ Kc8 25. Qf6 Kb8 26. Qxd6+ Ka7 27. Qxe5
Qb6 28. Qc7 Qxc7 29. Rxc7 Kb6 30. Rg7 Re8 31. Bf3 Re3 32. Rxg6+ Ka5 33. d6 Rd3
34. Bxh5 b5 35. Be2 Rd2 36. axb5+ Kb6 37. Rxa6+ Kb7 38. Rg7+ 1-0

[Event "AUTO-INT-3173"]
[Site "http://www.queenalice.com/game.php?id=1441106"]
[Date "2016.9.13"]
[Round "1"]
[White "piemme"]
[Black "Jiu_jitsu_BR"]
[Result "1-0"]
[WhiteElo "1570"]
[BlackElo "1421"]

1. e4 e5 2. Qh5 Nc6 3. Bb5 g6 4. Qf3 Nd4 5. Qd3 Qf6 6. c3 Nxb5 7. Qxb5 a6 8. Qe2
Bc5 9. Qf3 Qb6 10. b4 Be7 11. a4 d6 12. a5 Qb5 13. Na3 Qc6 14. Qe2 Nf6 15. f3
Be6 16. Qd1 d5 17. exd5 Bxd5 18. Bb2 O-O 19. c4 Bxc4 20. Bxe5 Be6 21. Rc1 Qd5
22. Bxc7 Rac8 23. Ne2 Bd6 24. Bxd6 Rxc1 25. Qxc1 Qxd6 26. Qb2 Nd5 27. Nc4 Qxb4
28. Qxb4 Nxb4 29. Nd6 Bd5 30. O-O Rd8 31. Ne4 Bxe4 32. fxe4 Rxd2 33. Ng3 Ra2 34.
Rf6 Rxa5 35. h3 Re5 36. Rb6 Rb5 37. Rd6 a5 38. Rd8+ Kg7 39. Ra8 Nd3 40. Kh2 Nc5
41. Ra7 a4 42. e5 Rb3 43. h4 b5 44. Ne2 a3 45. Nd4 Rb4 46. Nc2 Ra4 47. Rxa4 bxa4
48. Nxa3 f6 49. exf6+ Kxf6 50. g3 1-0

[Event "AUTO-INT-3173"]
[Site "http://www.queenalice.com/game.php?id=1441107"]
[Date "2016.9.13"]
[Round "1"]
[White "Jiu_jitsu_BR"]
[Black "piemme"]
[Result "0-1"]
[WhiteElo "1472"]
[BlackElo "1548"]

1. e4 e5 2. Bc4 Nf6 3. d3 a6 4. Bg5 b5 5. Bb3 Be7 6. Qf3 a5 7. a3 a4 8. Ba2 c6
9. Ne2 h6 10. Bxf6 Bxf6 11. Nbc3 O-O 12. O-O d6 13. Rad1 Ba6 14. Ng3 Nd7 15. Nf5
Bg5 16. Qg3 Nf6 17. Ne2 c5 18. Nc3 Kh7 19. Ne2 Bc8 20. h4 Nh5 21. Qf3 g6 22.
hxg5 hxg5 23. Nfg3 Nf4 24. Nc3 g4 25. Qe3 f5 26. Nd5 Nxd5 27. Bxd5 Rb8 28. exf5
gxf5 29. f3 f4 30. Qe4+ Kh8 31. Qg6 Rf6 32. Qh5+ Kg7 33. fxg4 Rh6 34. Qf7+ Kh8
35. Nf5 Bxf5 36. gxf5 Qh4 37. f6 Rxf6 0-1

[Event "AUTO-INT-3173"]
[Site "http://www.queenalice.com/game.php?id=1441118"]
[Date "2016.9.13"]
[Round "1"]
[White "Jiu_jitsu_BR"]
[Black "italomachado"]
[Result "1-0"]
[WhiteElo "1413"]
[BlackElo "1572"]

1. e4 e5 2. Qh5 d6 3. Bc4 Nh6 4. d3 g6 5. Qf3 f5 6. exf5 gxf5 7. Qh5+ Kd7 8.
Bxh6 Bxh6 9. Qxh6 Kc6 10. Qe3 Kd7 11. Nc3 Re8 12. Nf3 f4 13. Qe4 c6 14. Qxh7+
Re7 15. Qf5+ Kc7 16. Qg5 b5 17. Bb3 Qd7 18. g4 fxg3 19. fxg3 Rg7 20. Qe3 Bb7 21.
O-O-O a5 22. a3 b4 23. Nb1 a4 24. Ba2 c5 25. Ng5 b3 26. cxb3 Bd5 27. Rhf1 axb3
28. Nc3 bxa2 29. Nxd5+ Kd8 30. Kd2 Qb5 31. Ke2 Qxb2+ 32. Qd2 Rb7 33. Qxb2 Rxb2+
34. Rd2 Rb1 35. Rxa2 Rb5 36. Rf6 Kd7 37. Ne4 Ra6 38. Ndc3 Rb3 39. a4 Rc6 40. Nb5
d5 41. Rxc6 Nxc6 42. Nxc5+ Ke7 43. Nxb3 e4 44. dxe4 dxe4 45. Nc5 Nb4 46. Rd2 Kf6
47. Nxe4+ Kf5 48. Nbd6+ Ke5 49. h4 Nd5 50. Rxd5+ Kxd5 51. h5 Ke6 52. h6 Ke7 53.
h7 Kf8 54. h8=Q+ Ke7 55. Qe8# 1-0

[Event "AUTO-INT-3173"]
[Site "http://www.queenalice.com/game.php?id=1441119"]
[Date "2016.9.13"]
[Round "1"]
[White "italomachado"]
[Black "Jiu_jitsu_BR"]
[Result "0-1"]
[WhiteElo "1602"]
[BlackElo "1382"]

1. e4 e5 2. Qf3 Nc6 3. Bc4 Nf6 4. Nh3 Bc5 5. Ng5 O-O 6. Qg3 d5 7. exd5 Na5 8.
Bd3 Qxd5 9. Nc3 Qd6 10. Nb5 Qc6 11. Rg1 h6 12. Nf3 a6 13. Nc3 Bb4 14. Be4 Nxe4
15. Qxe5 f6 16. Qf4 Bxc3 17. bxc3 Re8 18. Kf1 Qd6 19. Qh4 Nc5 20. Ba3 Nc6 21.
Qh5 Qe7 22. Re1 Be6 23. Bxc5 Qf7 24. Qh4 Bxa2 25. Ra1 Bd5 26. Ra4 Ne5 27. d4 Ng6
28. Qg4 Qe6 29. Qxg6 Qe2# 0-1

[Event "AUTO-INT-3181"]
[Site "http://www.queenalice.com/game.php?id=1444598"]
[Date "2016.10.7"]
[Round "1"]
[White "crapaud93600"]
[Black "Jiu_jitsu_BR"]
[Result "1-0"]
[WhiteElo "1337"]
[BlackElo "1461"]

1. e4 e5 2. Nf3 Nc6 3. c3 Bc5 4. Bb5 d6 5. d4 exd4 6. cxd4 Bb4+ 7. Bd2 Bxd2+ 8.
Qxd2 Bd7 9. Nc3 Nf6 10. O-O O-O 11. Rfe1 a6 12. Bd3 Bg4 13. Qe3 Re8 14. h3 Bxf3
15. d5 Ne5 16. gxf3 Qd7 17. Kh2 Ng6 18. Rg1 b5 19. b4 c6 20. dxc6 Qxc6 21. Rac1
Qd7 22. Qd4 Nf4 23. Rg3 N6h5 24. Rcg1 Nxg3 25. Rxg3 Nxd3 26. Qxg7# 1-0

[Event "AUTO-INT-3181"]
[Site "http://www.queenalice.com/game.php?id=1444599"]
[Date "2016.10.7"]
[Round "1"]
[White "Jiu_jitsu_BR"]
[Black "crapaud93600"]
[Result "0-1"]
[WhiteElo "1484"]
[BlackElo "1314"]

1. e4 e5 2. Nf3 d5 3. exd5 Bd6 4. Nc3 Bg4 5. h3 Bh5 6. Be2 Nf6 7. Nxe5 Bxe5 8.
Bxh5 g6 9. Bf3 c6 10. dxc6 Nxc6 11. Bxc6+ bxc6 12. O-O O-O 13. d3 Nd5 14. Nxd5
Qxd5 15. c3 Rab8 16. d4 Bd6 17. f4 f5 18. Be3 Rxb2 19. Qf3 Qxf3 20. Rxf3 Rc2 21.
Bf2 Rb8 22. Be1 c5 23. dxc5 Bxc5+ 24. Kh2 Rbb2 25. Rg3 Bd6 0-1

[Event "AUTO-INT-3181"]
[Site "http://www.queenalice.com/game.php?id=1444614"]
[Date "2016.10.7"]
[Round "1"]
[White "Jiu_jitsu_BR"]
[Black "Karstax"]
[Result "0-1"]
[WhiteElo "1342"]
[BlackElo "1673"]

1. e4 e5 2. Nf3 Nc6 3. Bc4 Bc5 4. d3 Nf6 5. Bg5 b6 6. Bh4 h6 7. Nc3 Bb7 8. Nd5
g5 9. Bg3 d6 10. h3 Qd7 11. Nxf6+ Kd8 12. Nxd7 Kxd7 13. Bxf7 Raf8 14. Bd5 Kc8
15. Bxc6 Bxc6 0-1

[Event "AUTO-INT-3181"]
[Site "http://www.queenalice.com/game.php?id=1444615"]
[Date "2016.10.7"]
[Round "1"]
[White "Karstax"]
[Black "Jiu_jitsu_BR"]
[Result "1-0"]
[WhiteElo "1676"]
[BlackElo "1342"]

1. e4 e5 2. Nf3 Nc6 3. Bc4 Bc5 4. c3 d6 5. d4 exd4 6. cxd4 Bb4+ 7. Bd2 Bxd2+ 8.
Qxd2 Bg4 9. Qf4 Bh5 10. Ng5 Qf6 11. Qe3 h6 12. Nf3 Bxf3 13. Qxf3 Nxd4 14. Qc3
Ne7 15. O-O O-O 16. Nd2 1-0

[Event "AUTO-OPEN-3713"]
[Site "http://www.queenalice.com/game.php?id=1444746"]
[Date "2016.10.8"]
[Round "1"]
[White "Jiu_jitsu_BR"]
[Black "ringup478689"]
[Result "0-1"]
[WhiteElo "1411"]
[BlackElo "2331"]

1. e4 d6 2. d4 Nf6 3. Nc3 g6 4. Nf3 Bg7 5. e5 dxe5 6. Nxe5 O-O 7. Bc4 Nfd7 8.
Nxd7 Qxd7 9. Ne2 Qc6 10. Bb3 Qxg2 11. Rg1 Qh3 0-1

[Event "AUTO-OPEN-3713"]
[Site "http://www.queenalice.com/game.php?id=1444747"]
[Date "2016.10.8"]
[Round "1"]
[White "ringup478689"]
[Black "Jiu_jitsu_BR"]
[Result "1-0"]
[WhiteElo "2332"]
[BlackElo "1409"]

1. e4 e5 2. Nf3 Nc6 3. Bb5 d6 4. d4 exd4 5. Qxd4 Bd7 6. Bxc6 Bxc6 7. Nc3 Nf6 8.
Bg5 Be7 9. O-O-O O-O 10. Rhe1 Ng4 11. Bxe7 Qxe7 12. Qd2 Rfe8 13. Nd4 Ne5 14. f4
1-0

[Event "AUTO-OPEN-3713"]
[Site "http://www.queenalice.com/game.php?id=1444748"]
[Date "2016.10.8"]
[Round "1"]
[White "Jiu_jitsu_BR"]
[Black "YUDAO"]
[Result "0-1"]
[WhiteElo "1289"]
[BlackElo "1547"]

1. e4 e5 2. Nf3 Nc6 3. Bc4 Nf6 4. d3 Bc5 5. O-O O-O 6. Bg5 d6 7. Nc3 a6 8. Nd5
Qd7 9. Bxf6 gxf6 10. Nxf6+ Kh8 11. Nxd7 Bxd7 12. Bd5 Na5 13. Qd2 Nc6 14. a3 Rab8
15. Qh6 f6 16. Bxc6 Bxc6 17. Nh4 Bd7 18. Ng6+ Kg8 0-1

[Event "AUTO-OPEN-3713"]
[Site "http://www.queenalice.com/game.php?id=1444749"]
[Date "2016.10.8"]
[Round "1"]
[White "YUDAO"]
[Black "Jiu_jitsu_BR"]
[Result "1-0"]
[WhiteElo "1530"]
[BlackElo "1296"]

1. e4 e5 2. Nf3 Nc6 3. g3 d5 4. d3 Bg4 5. Bg2 dxe4 6. dxe4 Qxd1+ 7. Kxd1 Nd4 8.
h3 Bxf3+ 9. Bxf3 Nxf3 10. Nd2 Nxd2 11. Bxd2 O-O-O 12. Kc1 Nf6 13. f3 Bc5 14. b4
Bb6 15. f4 Nxe4 16. Be1 exf4 17. gxf4 Be3+ 18. Kb1 Rd1+ 19. Kb2 Rhd8 20. Bc3
Rxa1 21. Rxa1 1-0